[Event "PNWCC Masters WOO 2020"]
[Site "chess.com INT"]
[Date "2020.07.05"]
[Round "5.29"]
[White "Lu, Jason"]
[Black "He, Anthony"]
[Result "0-1"]
[BlackTitle "FM"]
[WhiteElo "2025"]
[BlackElo "2337"]
[WhiteFideId "30938040"]
[BlackFideId "2088215"]
[EventDate "2020.07.04"]

1. e4 c5 2. Nf3 e6 3. d4 cxd4 4. Nxd4 Nc6 5. Nc3 Qc7 6. Be3 a6 7. Qf3 Nf6 8.
O-O-O Ne5 9. Qg3 b5 10. f4 Neg4 11. Bg1 h5 12. h3 b4 13. Nd5 Nxd5 14. exd5 Nf6
15. Qe3 Nxd5 16. Nxe6 Qxc2+ 17. Kxc2 Nxe3+ 18. Bxe3 dxe6 19. Bc4 Bb7 20. Rd2 Be7
21. Bd4 O-O 22. Re1 Rac8 23. Kb3 Rfd8 24. Red1 a5 25. Bb5 a4+ 26. Kxa4 Bd5 27.
Ba6 Ra8 0-1

[Event "PNWCC Masters WOO 2020"]
[Site "chess.com INT"]
[Date "2020.07.05"]
[Round "5.30"]
[White "Zhao, Ian"]
[Black "Vanapalli, Vishnu"]
[Result "1/2-1/2"]
[WhiteTitle "FM"]
[WhiteElo "2380"]
[BlackElo "1918"]
[WhiteFideId "2620740"]
[BlackFideId "30920523"]
[EventDate "2020.07.04"]

1. e4 e6 2. d4 d5 3. Nd2 c5 4. Ngf3 cxd4 5. Nxd4 Nf6 6. exd5 Nxd5 7. N2f3 Bb4+
8. Bd2 O-O 9. c3 Bc5 10. Bd3 Nc6 11. Nxc6 bxc6 12. O-O Qc7 13. Qc2 g6 14. Rfe1
Re8 15. Rad1 a5 16. Qa4 Ba6 17. Bxa6 Rxa6 18. c4 Nb6 19. Qc2 e5 20. Bc3 f6 21.
b3 Bb4 22. Nd2 Nd7 23. Ne4 Kg7 24. Bxb4 axb4 25. Qd2 Nf8 26. Qxb4 Rxa2 27. c5
Ne6 28. Rd6 Ra7 29. Qc4 Qc8 30. Red1 Ree7 31. b4 Qa6 32. Qxa6 Rxa6 33. Kf1 f5
34. Nd2 Ra4 35. Rxc6 Rxb4 36. Rc1 Nd4 37. Rc8 Rbb7 38. Nc4 Rbc7 39. Rxc7 Rxc7
40. Nxe5 1/2-1/2

[Event "PNWCC Masters WOO 2020"]
[Site "chess.com INT"]
[Date "2020.07.05"]
[Round "5.31"]
[White "Jin, Derek"]
[Black "Stefanov, Emil"]
[Result "1/2-1/2"]
[BlackTitle "IM"]
[WhiteElo "1880"]
[BlackElo "2350"]
[WhiteFideId "30920329"]
[BlackFideId "2914794"]
[EventDate "2020.07.04"]

1. e4 c6 2. d4 d5 3. e5 c5 4. dxc5 Nc6 5. Nf3 e6 6. Be3 Nge7 7. c3 Qc7 8. Bd4
Nf5 9. Bd3 Nfxd4 10. cxd4 b6 11. cxb6 Qxb6 12. O-O Bd7 13. Nc3 Nxd4 14. Nxd4
Qxd4 15. Qe2 Rb8 16. Rac1 Qb6 17. Rc2 Be7 18. Qg4 g6 19. Rfc1 Qb4 20. Qxb4 Rxb4
21. Ne2 Bd8 22. b3 Ke7 23. Rc3 Bb6 24. g3 Bb5 25. Bxb5 Rxb5 26. R3c2 Rd8 27. Nf4
Rb4 28. Kf1 Rd4 29. h4 h6 30. f3 g5 31. hxg5 hxg5 32. Nh5 Rd3 33. Rc3 Rxc3 34.
Rxc3 d4 35. Rc4 d3 36. Ke1 d2+ 37. Kd1 Rd3 38. f4 gxf4 39. Nxf4 Rxg3 40. Kxd2
Rf3 41. Nd3 Rh3 42. a4 Kd7 43. b4 1/2-1/2

[Event "PNWCC Masters WOO 2020"]
[Site "chess.com INT"]
[Date "2020.07.05"]
[Round "5.32"]
[White "Nandhidhaa, P V"]
[Black "Wang, Ze"]
[Result "1/2-1/2"]
[WhiteTitle "WGM"]
[WhiteElo "2365"]
[BlackElo "1869"]
[WhiteFideId "5050847"]
[BlackFideId "8615187"]
[EventDate "2020.07.04"]

1. Nf3 d5 2. g3 Nf6 3. Bg2 e6 4. O-O Be7 5. c4 O-O 6. b3 c5 7. Bb2 Nc6 8. cxd5
Nxd5 9. d4 cxd4 10. Nxd4 Nxd4 11. Qxd4 Bf6 12. Qd2 Bxb2 13. Qxb2 Qf6 14. Qxf6
Nxf6 15. Nc3 Rb8 16. Rfd1 Bd7 17. g4 Rfc8 18. Rac1 h6 19. h4 Bc6 20. Bxc6 Rxc6
21. g5 hxg5 22. hxg5 Ne8 23. Nb5 Rxc1 24. Rxc1 a6 25. Nd4 Rd8 26. e3 Kf8 27. f4
Ke7 28. Kf2 Nd6 29. Kf3 Rc8 30. Rxc8 Nxc8 31. e4 Kd6 32. Ke3 Ne7 33. Nf3 Ng6 34.
Ne1 f6 35. gxf6 gxf6 36. Nd3 e5 37. f5 Nf8 38. Kf3 Nh7 39. b4 Ng5+ 40. Ke3 b6
41. Nb2 Kc6 42. a4 a5 43. bxa5 bxa5 44. Nc4 Kc5 45. Nxa5 Kb4 46. Nb7 Kxa4 47.
Nc5+ Kb5 48. Nd3 Kc4 49. Nf2 Kc5 50. Ng4 Nh7 51. Kd3 Kb4 52. Ne3 Kc5 53. Nd5 Kb5
54. Nc7+ Kb4 55. Ne6 Kb3 56. Kd2 Kc4 1/2-1/2

[Event "PNWCC Masters WOO 2020"]
[Site "chess.com INT"]
[Date "2020.07.05"]
[Round "5.33"]
[White "Liang, Jason"]
[Black "Kumar, Naman"]
[Result "1/2-1/2"]
[WhiteTitle "FM"]
[WhiteElo "2340"]
[BlackElo "2115"]
[WhiteFideId "30940303"]
[BlackFideId "30908922"]
[EventDate "2020.07.04"]

1. d4 Nf6 2. Nf3 e6 3. e3 d5 4. Bd3 Be7 5. O-O O-O 6. Nbd2 c5 7. b3 Nc6 8. dxc5
Bxc5 9. Bb2 Re8 10. a3 e5 11. b4 Bb6 12. e4 dxe4 13. Nxe4 Bf5 14. Nd6 Bxd3 15.
Nxe8 Bxf1 16. Nxf6+ Qxf6 17. Qxf1 Rd8 18. Re1 Nd4 19. Nxe5 Nxc2 20. Rc1 Bd4 21.
Rxc2 Bxb2 22. Rxb2 Qxe5 23. Re2 Qf6 24. g3 g6 25. Re3 Qc6 26. Qe2 Qc1+ 27. Kg2
Qc6+ 28. Qf3 Qxf3+ 29. Kxf3 Rd7 30. Re8+ Kg7 31. Ke2 f5 32. Ra8 a6 33. Rb8 Kf6
34. Ke3 g5 35. h3 Kg6 36. a4 Kf6 37. f4 gxf4+ 38. gxf4 Kg6 39. Rc8 Kh5 40. Rc5
Kg6 41. Rc4 Kh5 42. Rd4 Re7+ 43. Kf3 Rc7 44. Rd5 Rc3+ 45. Kg2 Rc2+ 46. Kg3 Rc3+
47. Kg2 Rc2+ 48. Kg3 Rc3+ 49. Kg2 1/2-1/2

[Event "PNWCC Masters WOO 2020"]
[Site "chess.com INT"]
[Date "2020.07.05"]
[Round "5.34"]
[White "Papp, Petra"]
[Black "Altman, Joshua"]
[Result "1/2-1/2"]
[WhiteTitle "WGM"]
[BlackTitle "CM"]
[WhiteElo "2338"]
[BlackElo "1926"]
[WhiteFideId "739049"]
[BlackFideId "426210"]
[EventDate "2020.07.04"]

1. e4 e6 2. d4 d5 3. Nc3 Nf6 4. e5 Nfd7 5. f4 c5 6. Nf3 Nc6 7. Be3 a6 8. Qd2 b5
9. dxc5 Bxc5 10. Bd3 Qb6 11. Bf2 Bxf2+ 12. Qxf2 Qxf2+ 13. Kxf2 Nc5 14. Ne2 Bd7
15. Ke3 Ke7 16. Ned4 Nxd4 17. Nxd4 Rac8 18. b4 Na4 19. Nb3 h6 20. h4 h5 21. Kd4
g6 22. Rhg1 Rc7 23. g4 Rcc8 24. Rh1 hxg4 25. Rag1 Kd8 26. Rxg4 Kc7 27. Nd2 Rh5
28. Nf3 Rch8 29. Be2 Nb6 30. Rg5 R5h6 31. Rg4 Rh5 32. Bd3 Na4 33. Rg2 Be8 34.
Rgh2 Kd7 35. Ng5 Ke7 36. Be2 R5h6 37. Rh3 Bd7 38. Nf3 Rc8 39. Ne1 Rhh8 40. Bd3
Nc3 41. a3 Ne4 42. R1h2 Rc3 43. Be2 Rhc8 44. Rxc3 Rxc3 45. Bd3 Rxa3 46. Bxe4
dxe4 47. Kxe4 Rc3 48. Nd3 Rc4+ 49. Ke3 Bc6 50. Rd2 Re4+ 51. Kf2 Rd4 52. Ke3 Re4+
53. Kf2 Rd4 54. Ke3 Re4+ 1/2-1/2

[Event "PNWCC Masters WOO 2020"]
[Site "chess.com INT"]
[Date "2020.07.05"]
[Round "5.35"]
[White "Wen, Tommy"]
[Black "Morefield, Jason"]
[Result "1-0"]
[BlackTitle "FM"]
[WhiteElo "2014"]
[BlackElo "2227"]
[WhiteFideId "30952255"]
[BlackFideId "30920825"]
[EventDate "2020.07.04"]

1. e4 d6 2. d4 Nf6 3. Nc3 g6 4. Bg5 c6 5. Qd2 Nbd7 6. Nf3 Qc7 7. O-O-O b5 8. e5
dxe5 9. dxe5 Ng4 10. Bf4 Bg7 11. e6 Nde5 12. exf7+ Kxf7 13. Ng5+ Ke8 14. h3 Nh6
15. Nxb5 cxb5 16. Bxb5+ Bd7 17. Bxe5 Qxe5 18. Qxd7+ Kf8 19. Ne6+ Kf7 20. Nxg7
Kxg7 21. Qd4 Qxd4 22. Rxd4 Nf5 23. Rd7 h5 24. Bd3 Kf6 25. Re1 Rh7 26. Be4 1-0

[Event "PNWCC Masters WOO 2020"]
[Site "chess.com INT"]
[Date "2020.07.05"]
[Round "5.36"]
[White "Wen, Teddie"]
[Black "Padhye, Rohan"]
[Result "1-0"]
[WhiteElo "2071"]
[BlackElo "1716"]
[WhiteFideId "30952247"]
[BlackFideId "30946034"]
[EventDate "2020.07.04"]

1. d4 d5 2. c4 c6 3. Nf3 Nf6 4. Nc3 e6 5. Bg5 dxc4 6. e4 b5 7. e5 h6 8. Bh4 g5
9. Nxg5 hxg5 10. Bxg5 Nbd7 11. g3 Bb7 12. Bg2 Qb6 13. exf6 O-O-O 14. O-O c5 15.
d5 b4 16. Na4 Qa6 17. a3 Bxd5 18. Bxd5 Ne5 19. axb4 Rxd5 20. Qe2 cxb4 21. Nc3
Qd6 22. Nxd5 Qxd5 23. f3 Bc5+ 24. Kg2 Nd3 25. h4 Rd8 26. Rfd1 Qd4 27. b3 cxb3
28. Rab1 Qc4 29. Rd2 b2 30. Rc2 Ne1+ 31. Rxe1 Qxe2+ 32. Rcxe2 Bd4 33. Rb1 Bc3
34. Rexb2 Bxb2 35. Rxb2 a5 36. h5 Rh8 37. Ra2 Rxh5 38. Rxa5 b3 39. f4 b2 40. Rb5
Kd7 41. Rxb2 Rh7 42. Rb8 Kc7 43. Rg8 Kd6 44. Rg7 Rh8 45. Rxf7 e5 46. Re7 exf4
47. gxf4 Rg8 48. Kg3 Rg6 49. Rg7 Rxf6 50. Bxf6 Ke6 51. Kg4 Kxf6 52. Ra7 Ke6 53.
Ra1 Kd5 54. f5 Ke5 55. Kg5 Ke4 56. f6 Kd4 57. f7 Kd5 58. f8=Q Kd4 59. Qf4+ Kc5
60. Ra5+ Kb6 61. Qe5 Kc6 62. Qd5+ Kb6 63. Qc5+ Kb7 64. Ra7+ Kb8 65. Qc7# 1-0

[Event "PNWCC Masters WOO 2020"]
[Site "chess.com INT"]
[Date "2020.07.05"]
[Round "5.37"]
[White "Pan, Kevin"]
[Black "Vijayakumar, Advaith"]
[Result "1-0"]
[WhiteElo "2106"]
[BlackElo "1846"]
[WhiteFideId "30915708"]
[BlackFideId "30933196"]
[EventDate "2020.07.04"]

1. e4 c5 2. Nc3 Nc6 3. g3 g6 4. Bg2 Bg7 5. d3 e5 6. Nh3 Nge7 7. O-O O-O 8. Be3
d6 9. f4 Nd4 10. Qd2 Be6 11. Nd1 Nec6 12. c3 Nb5 13. f5 Bd7 14. Bh6 f6 15. Bxg7
Kxg7 16. Ne3 Nc7 17. Nf2 g5 18. g4 Be8 19. Nh1 Qe7 20. Ng3 Rd8 21. Kf2 Bf7 22.
Nd5 Nxd5 23. exd5 Nb8 24. Rh1 Rh8 25. h4 h6 26. c4 Nd7 27. Ne4 b6 28. Rh3 Nf8
29. Rah1 Rh7 30. Bf3 Bg8 31. Ke3 Kh8 32. Qh2 Qg7 33. hxg5 hxg5 34. Rh6 Nd7 35.
Rxh7+ Bxh7 36. Nxd6 Nf8 37. Ne4 Qe7 38. Qh6 Nd7 39. Bd1 Qg7 40. Ba4 Qxh6 41.
Rxh6 Kg7 42. Rxh7+ Kxh7 43. Bxd7 Kg7 44. Be6 Rh8 45. d6 Kf8 46. Nxf6 Rh2 47. d7
Ke7 48. Nd5+ Kd8 49. f6 1-0

[Event "PNWCC Masters WOO 2020"]
[Site "chess.com INT"]
[Date "2020.07.05"]
[Round "5.38"]
[White "Zhang, Samuel"]
[Black "Free, Graham"]
[Result "1/2-1/2"]
[WhiteElo "2033"]
[BlackElo "2138"]
[WhiteFideId "30942993"]
[BlackFideId "2004976"]
[EventDate "2020.07.04"]

1. e4 e5 2. Nf3 Nc6 3. Bc4 Nf6 4. d3 Bc5 5. O-O a6 6. a4 d6 7. c3 Ba7 8. Nbd2
O-O 9. h3 h6 10. Re1 Re8 11. Nf1 Be6 12. Bxe6 Rxe6 13. Ng3 d5 14. exd5 Qxd5 15.
Be3 Bxe3 16. Rxe3 Rd8 17. Qc2 Qc5 18. Qb3 Nd5 19. Re4 Qb6 20. Qa2 Nf6 21. Re3
Nd5 22. Re4 Nf6 23. Re3 Red6 24. Nxe5 Nxe5 25. Rxe5 Rxd3 26. Nf1 R3d5 27. Re7
R8d7 28. Rae1 Rxe7 29. Rxe7 Qd6 30. Re1 b6 31. Ne3 Rd2 32. Nf1 Rc2 33. Ne3 Rd2
34. Nf1 Rd5 35. Ne3 Rd2 1/2-1/2

[Event "PNWCC Masters WOO 2020"]
[Site "chess.com INT"]
[Date "2020.07.05"]
[Round "5.39"]
[White "Sivakumar, Shaaketh"]
[Black "Chen, Ryo"]
[Result "0-1"]
[WhiteElo "1870"]
[BlackElo "2085"]
[WhiteFideId "30940176"]
[BlackFideId "7003072"]
[EventDate "2020.07.04"]

1. d4 Nf6 2. Bf4 g6 3. Nc3 d5 4. e3 Bg7 5. h4 h5 6. Be2 O-O 7. Nf3 c5 8. dxc5
Nbd7 9. O-O Nxc5 10. Be5 Bg4 11. Ng5 Ncd7 12. Bg3 Bxe2 13. Qxe2 Qb6 14. Rab1
Rac8 15. Rfd1 e6 16. f3 Nc5 17. Bf2 Qc6 18. Nb5 Qa6 19. Nc3 Nh7 20. Qxa6 Nxa6
21. Be1 Nb4 22. Rd2 a6 23. a3 Nc6 24. Nxh7 Kxh7 25. Ne2 Be5 26. Bg3 Rfd8 27.
Bxe5 Nxe5 28. b3 Rd7 29. Kf2 Rdc7 30. Nd4 Nc6 31. Nxc6 Rxc6 32. c4 dxc4 33. bxc4
R8c7 34. Rdb2 Rxc4 35. Rxb7 Rxb7 36. Rxb7 Kg7 37. Rb3 Kf6 38. f4 Ra4 39. Kf3 e5
40. e4 exf4 41. Kxf4 Ra5 42. Rb6+ Kg7 43. Rb3 Kh6 44. g3 Kg7 45. Rc3 f6 46. Ke3
Ra4 47. Kf4 f5 48. Kg5 fxe4 49. Rc7+ Kf8 50. Rc3 Kf7 51. Rc7+ Ke6 52. Kxg6 Rxa3
53. Kxh5 Rxg3 54. Rc6+ Kf5 55. Rxa6 Rg8 56. Ra5+ Kf4 57. Ra7 Rh8+ 58. Kg6 Rxh4
59. Rf7+ Ke3 60. Kg5 Rh1 61. Ra7 Rf1 62. Ra3+ Ke2 63. Ra2+ Kf3 64. Kf5 e3 65.
Ra3 Rd1 66. Ke5 Kf2 67. Kf4 e2 68. Ra2 Kf1 69. Kg3 e1=Q+ 70. Kh3 Rd3+ 71. Kh2
Qh4# 0-1

[Event "PNWCC Masters WOO 2020"]
[Site "chess.com INT"]
[Date "2020.07.05"]
[Round "5.40"]
[White "Chen, Megan"]
[Black "Wang, Alex Yuxuan"]
[Result "0-1"]
[WhiteElo "1549"]
[BlackElo "1983"]
[WhiteFideId "30929121"]
[BlackFideId "30943876"]
[EventDate "2020.07.04"]

1. e4 c5 2. d4 cxd4 3. c3 dxc3 4. Nxc3 Nc6 5. Nf3 g6 6. Bc4 Bg7 7. e5 a6 8. O-O
b5 9. Bb3 Bb7 10. Bf4 Na5 11. Bxf7+ Kxf7 12. Ng5+ Ke8 13. e6 d6 14. Nf7 Qb6 15.
Nd5 Bxd5 16. Qxd5 Qc6 17. Qd3 Nf6 18. Nxh8 Bxh8 19. Rac1 Qb7 20. Rc2 Nc4 21.
Rfc1 Nd5 22. Qf3 Rb8 23. Bh6 Bf6 24. b3 Nb4 25. Qxb7 Rxb7 26. Re2 Nd3 27. Rcc2
Nb6 28. Be3 Kd8 29. Red2 Nb4 30. Rc1 N4d5 31. Bh6 b4 32. Rdc2 Nc3 33. a3 a5 34.
axb4 axb4 35. Bd2 Ne2+ 0-1

[Event "PNWCC Masters WOO 2020"]
[Site "chess.com INT"]
[Date "2020.07.05"]
[Round "5.42"]
[White "Jiang, Brandon"]
[Black "Estrada Nieto, Julian"]
[Result "1/2-1/2"]
[BlackTitle "IM"]
[WhiteElo "1954"]
[BlackElo "2280"]
[WhiteFideId "30943582"]
[BlackFideId "5101018"]
[EventDate "2020.07.04"]

1. e4 e5 2. Nf3 Nc6 3. Bc4 Bc5 4. d3 Nf6 5. c3 d6 6. Bb3 a6 7. Nbd2 O-O 8. h3
Re8 9. Nf1 Be6 10. Ng3 h6 11. O-O Ba7 12. Qe2 d5 13. Nh4 Nxe4 14. dxe4 Qxh4 15.
exd5 Bxd5 16. Bxd5 Qxg3 17. Kh1 Qg6 18. Be3 Bb6 19. Bxb6 cxb6 20. Qe3 b5 21. Qb6
Rad8 22. Bb3 Rd7 23. a4 bxa4 24. Bxa4 Rc8 25. Rfd1 Qe6 26. b4 Qe7 27. Re1 Rd3
28. Re3 e4 29. b5 axb5 30. Bxb5 Rd2 31. Bxc6 Rxc6 32. Ra8+ Kh7 33. Qb1 f5 34.
Qb5 Rc5 35. Qb3 Rcd5 36. Ra7 Rd1+ 37. Kh2 Qc7+ 38. g3 Rd7 39. Ra8 R1d5 40. Kg2
Qe5 41. Qc4 Rc7 42. Qb3 Rdc5 43. Qg8+ Kg6 1/2-1/2

[Event "PNWCC Masters WOO 2020"]
[Site "chess.com INT"]
[Date "2020.07.05"]
[Round "5.43"]
[White "Sairam, Pranav"]
[Black "Zhao, Erick"]
[Result "0-1"]
[BlackTitle "CM"]
[WhiteElo "1810"]
[BlackElo "2039"]
[WhiteFideId "30951330"]
[BlackFideId "30946930"]
[EventDate "2020.07.04"]

1. e4 c5 2. Nf3 d6 3. d4 cxd4 4. Nxd4 Nf6 5. Nc3 a6 6. Be2 e5 7. Nb3 Be7 8. O-O
O-O 9. Be3 Be6 10. f3 Nbd7 11. a4 Rc8 12. a5 Qc7 13. Qd2 Nc5 14. Nd5 Nxb3 15.
cxb3 Bxd5 16. exd5 Qc2 17. Bc4 Qxd2 18. Bxd2 Nd7 19. Rfc1 f5 20. b4 Bf6 21. b5
axb5 22. Bxb5 Nc5 23. Ra3 e4 24. Bc3 Bg5 25. Re1 e3 26. b4 Na6 27. Bd7 Rc7 28.
Be6+ Kh8 29. b5 Nc5 30. Bd4 f4 31. a6 bxa6 32. bxa6 Ra8 33. Rb1 h5 34. a7 Kh7
35. Bf5+ Kh6 36. g4 Rcxa7 37. Rxa7 Rxa7 38. Rb8 g6 39. Rh8+ Rh7 40. Rxh7+ Kxh7
41. Bxc5 gxf5 42. Bxd6 fxg4 43. fxg4 hxg4 44. Kf1 f3 45. Bg3 Kg6 46. Ke1 Kf5 47.
d6 Ke6 48. Kf1 Bf6 49. Ke1 Bc3+ 50. Kd1 e2+ 51. Kc2 e1=Q 52. Bxe1 Bxe1 53. Kd1
Bc3 0-1

[Event "PNWCC Masters WOO 2020"]
[Site "chess.com INT"]
[Date "2020.07.05"]
[Round "5.44"]
[White "Ho, Cooper"]
[Black "Luo, Terry"]
[Result "0-1"]
[WhiteElo "1663"]
[BlackElo "2124"]
[WhiteFideId "30964610"]
[BlackFideId "30931045"]
[EventDate "2020.07.04"]

1. e4 c5 2. Nf3 d6 3. d4 cxd4 4. Nxd4 Nf6 5. Nc3 Nc6 6. Bg5 e6 7. Qd2 a6 8.
O-O-O Bd7 9. f4 Be7 10. Nf3 b5 11. Bd3 b4 12. Ne2 O-O 13. e5 dxe5 14. Nxe5 Nxe5
15. fxe5 Nd5 16. Bxe7 Qxe7 17. Be4 Bc6 18. Nf4 Rfd8 19. Bxd5 Bxd5 20. Nxd5 Rxd5
21. Qe3 Rad8 22. Rxd5 Rxd5 23. Rd1 Qd7 24. Rxd5 Qxd5 25. Qd2 Qa5 26. Qd6 h6 27.
Kb1 Qb5 28. Qd8+ Kh7 29. Qd3+ Qxd3 30. cxd3 Kg6 31. Kc2 Kf5 32. Kb3 Kxe5 33.
Kxb4 Kd4 34. Ka5 Kxd3 35. Kxa6 Kc4 36. a4 e5 37. a5 e4 38. Kb6 e3 39. a6 e2 40.
a7 e1=Q 41. a8=Q Qf2+ 42. Kc7 Qxb2 43. Qc6+ Kd3 44. Qf3+ Kd4 45. Qf4+ Kc5 46.
Qf5+ Kd4 47. Qxf7 Qxg2 48. Qd7+ Ke3 49. Qe6+ Kf2 50. Qf5+ Kg1 51. Qb1+ Kxh2 52.
Qf5 g5 53. Qe5+ Qg3 0-1

[Event "PNWCC Masters WOO 2020"]
[Site "chess.com INT"]
[Date "2020.07.05"]
[Round "5.45"]
[White "Johnson, Donald"]
[Black "Chabris, Christopher"]
[Result "1-0"]
[WhiteElo "1857"]
[BlackElo "2125"]
[WhiteFideId "30949122"]
[BlackFideId "2005263"]
[EventDate "2020.07.04"]

1. e4 c5 2. Nf3 d6 3. d4 cxd4 4. Nxd4 Nf6 5. Nc3 a6 6. h3 e5 7. Nde2 h5 8. Bg5
Be6 9. Bxf6 Qxf6 10. Nd5 Qd8 11. Qd3 Nd7 12. O-O-O g6 13. Kb1 Nc5 14. Qf3 Bg7
15. Nec3 O-O 16. Ne3 b5 17. h4 Bh6 18. Ncd5 Bxe3 19. Qxe3 Kg7 20. Be2 Bxd5 21.
Rxd5 Ne6 22. g3 Qe7 23. Rhd1 Rfd8 24. Qd2 Nc5 25. Bf3 Nb7 26. Re1 Rac8 27. Bd1
Rc4 28. c3 Rc6 29. Bc2 Rdc8 30. Bb3 Nc5 31. Bc2 Nb7 32. Rc1 Qf6 33. Qe2 Rc5 34.
Rd3 Qe7 35. Bb3 Na5 36. Bd5 b4 37. Rf3 f6 38. c4 Nc6 39. Bxc6 R5xc6 40. b3 Qa7
41. Rd3 a5 42. g4 hxg4 43. Qxg4 Rh8 44. Rg3 Qf7 45. Rcg1 Rh6 46. Qf5 Rc8 47.
Qxc8 1-0

[Event "PNWCC Masters WOO 2020"]
[Site "chess.com INT"]
[Date "2020.07.05"]
[Round "5.46"]
[White "Vega, Isaac"]
[Black "Mcconnell, Sullivan"]
[Result "0-1"]
[WhiteElo "1735"]
[BlackElo "1895"]
[WhiteFideId "30914035"]
[BlackFideId "30934885"]
[EventDate "2020.07.04"]

1. e4 e5 2. Nf3 Nc6 3. Bb5 a6 4. Ba4 Nf6 5. O-O b5 6. Bb3 Be7 7. Re1 d6 8. c3
O-O 9. h3 Na5 10. Bc2 c5 11. d4 Qc7 12. Nbd2 cxd4 13. cxd4 Nc6 14. a3 a5 15. d5
Nd8 16. Nf1 Nb7 17. Bd3 Bd7 18. Ng3 Nc5 19. Bf1 a4 20. Bd2 Nb3 21. Rb1 Nxd2 22.
Qxd2 g6 23. Bd3 Rfc8 24. Nf1 Nh5 25. N1h2 Nf4 26. Rbc1 Qb6 27. Bf1 Bf8 28. Ng4
Bg7 29. g3 Nh5 30. Kg2 Rab8 31. Rxc8+ Rxc8 32. Rc1 Rf8 33. Bd3 Kh8 34. Nh4 f5
35. exf5 gxf5 36. Nh6 Nf4+ 37. gxf4 Bxh6 38. Qe2 Bxf4 39. Rc3 e4 40. Bc2 Be5 41.
Qe3 Qxe3 42. Rxe3 Bf6 43. Nxf5 Bxf5 44. Bxe4 Bd4 45. Re2 Bxe4+ 46. Rxe4 Rxf2+ 0-1

[Event "PNWCC Masters WOO 2020"]
[Site "chess.com INT"]
[Date "2020.07.05"]
[Round "5.47"]
[White "Leschinsky, Gary"]
[Black "Aaron, Michael"]
[Result "1-0"]
[WhiteElo "1888"]
[BlackElo "1699"]
[WhiteFideId "30951321"]
[BlackFideId "30963346"]
[EventDate "2020.07.04"]

1. d4 e6 2. c4 d5 3. Nc3 c6 4. e3 Nf6 5. Nf3 Nbd7 6. Qc2 Bd6 7. Bd3 dxc4 8. Bxc4
b5 9. Be2 Bb7 10. O-O O-O 11. e4 e5 12. dxe5 Nxe5 13. Nd4 b4 14. Rd1 bxc3 15.
Nf5 Ne8 16. Qxc3 Qf6 17. f4 Bc7 18. fxe5 Bxe5 19. Qb4 Rb8 20. Ne7+ Kh8 21. Nxc6
Nd6 22. Nxe5 Ba6 23. Qxd6 Bxe2 24. Qxf6 gxf6 25. Re1 1-0

[Event "PNWCC Masters WOO 2020"]
[Site "chess.com INT"]
[Date "2020.07.05"]
[Round "5.48"]
[White "Kondakov, Adrian"]
[Black "Ji, Yunze Owen"]
[Result "1-0"]
[WhiteTitle "CM"]
[WhiteElo "1986"]
[BlackElo "1553"]
[WhiteFideId "30920302"]
[BlackFideId "30965276"]
[EventDate "2020.07.04"]

1. e4 c6 2. d4 d5 3. exd5 cxd5 4. Nf3 Nc6 5. Bb5 Qa5+ 6. Nc3 Bg4 7. O-O e6 8. h3
Bxf3 9. Qxf3 Nf6 10. Bg5 Be7 11. Bd3 Nxd4 12. Qf4 Nc6 13. Rfe1 O-O-O 14. Qc1 d4
15. Nb5 Rd5 16. a4 h6 17. Bf4 e5 18. Bd2 Bb4 19. c3 dxc3 20. bxc3 Rxd3 21. cxb4
Qd8 22. Nxa7+ Kb8 23. Nxc6+ bxc6 24. Be3 Qd7 25. Qc4 Rd8 26. b5 Qd5 27. Qb4 c5
28. Bxc5 Rd7 29. Be3 Ne4 30. b6 f5 31. Qf8+ Kb7 32. a5 Ka6 33. Qc8+ Rb7 34. Qa8+
Kb5 35. Reb1+ Kc6 36. a6 1-0

[Event "PNWCC Masters WOO 2020"]
[Site "chess.com INT"]
[Date "2020.07.05"]
[Round "5.50"]
[White "Harish, Neeraj"]
[Black "Tarjan, James"]
[Result "0-1"]
[BlackTitle "GM"]
[WhiteElo "1472"]
[BlackElo "2381"]
[WhiteFideId "30958130"]
[BlackFideId "2000180"]
[EventDate "2020.07.04"]

1. e4 e5 2. Nf3 Nc6 3. Nc3 Nf6 4. Bb5 Bb4 5. O-O O-O 6. d3 Bxc3 7. bxc3 d6 8.
Bg5 a6 9. Bxc6 bxc6 10. d4 Qe7 11. Re1 h6 12. Bh4 a5 13. Nd2 Qe6 14. Qf3 Nd7 15.
Nf1 f6 16. Ne3 Rf7 17. Nf5 Kh7 18. Qh5 Nf8 19. Re3 Qe8 20. Nxg7 Kxg7 21. Rg3+
Kh7 22. Bxf6 Qe6 23. dxe5 dxe5 24. Bxe5 Ng6 25. Rg5 Nxe5 26. Rxe5 Qf6 27. h4 Bg4 0-1

[Event "PNWCC Masters WOO 2020"]
[Site "chess.com INT"]
[Date "2020.07.05"]
[Round "5.52"]
[White "Metpally, Jason"]
[Black "Su, Kevin"]
[Result "1-0"]
[WhiteElo "2204"]
[BlackElo "1768"]
[WhiteFideId "2068567"]
[BlackFideId "30937370"]
[EventDate "2020.07.04"]

1. d4 Nf6 2. c4 g6 3. Nc3 Bg7 4. e4 d6 5. h3 O-O 6. Be3 e5 7. d5 a5 8. Nf3 Na6
9. Bd3 Nd7 10. g4 Ndc5 11. Bc2 f5 12. gxf5 gxf5 13. Qe2 fxe4 14. Nxe4 Bf5 15.
Nxc5 Nxc5 16. Bxf5 Rxf5 17. Rg1 Kh8 18. Ng5 Qf6 19. O-O-O h6 20. Bxc5 Rxg5 21.
Be3 Rxg1 22. Rxg1 Rf8 23. Qd2 b6 24. Rg3 Qh4 25. Qe2 Rf7 26. Qg4 Qxg4 27. Rxg4
Rf3 28. h4 Kh7 29. Kc2 Rh3 30. Kb3 Bf6 31. Ka4 h5 32. Rg1 Rxh4 33. Kb5 Bd8 34.
b3 Rg4 35. Rxg4 hxg4 36. Kc6 Kg6 37. Bd2 e4 38. Kd7 Bg5 39. Be1 g3 40. fxg3 Be3
41. Kxc7 Bc5 42. a3 Bxa3 43. Kxb6 Bb4 44. Bf2 Kf7 45. Kc6 Ke7 46. Be3 Ke8 47.
Kc7 Kf7 48. g4 Kf8 49. g5 Kf7 50. Kd7 Kg6 51. Ke6 Bc5 52. Bd2 Bb4 53. Be3 Bc5
54. Bd2 Bb4 55. Bc1 Bc5 56. Kd7 Kf5 57. Kc6 Kg6 58. Kb5 Bb4 59. Be3 Kf5 60. Kc6
Kg6 61. Kc7 Kf5 62. c5 Bxc5 63. Bxc5 dxc5 64. d6 e3 65. d7 e2 66. d8=Q e1=Q 67.
Qf6+ Kg4 68. Kc6 Qe4+ 69. Kxc5 Qb4+ 70. Kd5 Qxb3+ 71. Kd6 Qb6+ 72. Ke7 Qc7+ 73.
Kf8 Qc8+ 74. Kg7 Qd7+ 75. Kh6 a4 76. g6 Qd2+ 77. Kh7 Qd7+ 78. g7 a3 79. Kh8 Qe8+
80. g8=Q+ Qxg8+ 81. Kxg8 a2 82. Qa1 Kf3 83. Qxa2 Ke4 84. Kf7 Kf3 85. Kf6 Ke4 86.
Qc4+ Kf3 87. Kf5 Ke3 88. Ke5 Kf3 89. Qd3+ 1-0

[Event "PNWCC Masters WOO 2020"]
[Site "chess.com INT"]
[Date "2020.07.05"]
[Round "5.54"]
[White "Jiang, Leo"]
[Black "Pradhyumna Kumar K"]
[Result "1/2-1/2"]
[WhiteElo "1592"]
[BlackElo "1844"]
[WhiteFideId "30952140"]
[BlackFideId "35081110"]
[EventDate "2020.07.04"]

1. d4 c5 2. d5 e6 3. c4 b5 4. cxb5 a6 5. e4 axb5 6. Bxb5 Nf6 7. Nc3 Ba6 8. Bxa6
Rxa6 9. Nf3 Qc7 10. O-O e5 11. Bd2 h6 12. Qe2 d6 13. Rab1 Rb6 14. Na4 Ra6 15.
Qb5+ Nfd7 16. Qc4 Qa7 17. Nc3 Be7 18. b4 cxb4 19. Qxb4 O-O 20. Be3 Qc7 21. Rfc1
Qd8 22. a4 Ra8 23. Nd2 Na6 24. Qa3 Nac5 25. Nb3 Bg5 26. Bxg5 Qxg5 27. Nxc5 Nxc5
28. Rd1 f5 29. exf5 Qxf5 30. Qa2 Qf4 31. g3 Qf3 32. Qd2 Nxa4 33. Nxa4 Rxa4 34.
Qe3 Qg4 35. Re1 Rd4 36. Kg2 Kh7 37. h3 Qh5 38. Rb7 Qf5 39. Rb5 Rd3 40. Qe2 Rf3
41. Rb2 Qd3 42. Qxd3+ Rxd3 43. Rb5 Rd2 44. Rf1 Rf6 45. Ra5 Kg6 46. h4 Kh7 47.
Rb5 Kg6 48. Ra5 Kh5 49. Rb5 Kg6 50. Ra5 1/2-1/2